000 00552nam a2200181 i 4500
001 42811
003 ES-MaACL
005 20260201160229.0
007 t|
008 030314s1965 sp ||||1| spa d
100 1 _aCerfaux, Lucien,
_d1883-1968
_937517
245 1 3 _aEl cristiano en San Pablo /
_cLucien Cerfaux ; [versión de Luis de Aguirre].
260 _a[Bilbao] :
_bDesclée de Brouwer,
_c1965.
300 _a491 p. ;
_c22 cm.
700 0 _aAguirre, Luis de
_918836
852 _aES-MaACL
_jC-27968
_bR.57120
999 _c42811
_d42811